Statistiques concernant Musiques d'Aurora

Cliquez ici pour prendre le quiz!

Statistiques générales

  • Ce quiz a été pris 7 fois
  • Le résultat moyen est 74 sur 120

Statistiques - réponses

HintRéponseDate de sortie% Correct
All My Demons Greeting Me As A Friend | Running With The WolvesRunaway2015
100%
All My Demons Greeting Me As A Friend | Running With The WolvesRunning with the Wolves2015
100%
The Gods We Can TouchArtemis2022
86%
The Gods We Can TouchCure For Me2021
86%
The Gods We Can TouchExist for Love2020
86%
Single (chanson de film)Into the Unknown2019
86%
All My Demons Greeting Me As A FriendMurder song (5, 4, 3, 2, 1)2015
86%
Cover (Nat King Cole)Nature boy (acoustic)2016
86%
All My Demons Greeting Me As A FriendNature Boy (acoustic)2016
86%
Infections Of A Different KindQueendom2018
86%
All My Demons Greeting Me As A FriendWarrior2016
86%
The Gods We Can TouchA Dangerous Thing2022
71%
A Different Kind Of HumanA Different Kind of Human2019
71%
The Gods We Can TouchA Little Place Called the Moon2022
71%
Infections Of A Different KindAll Is Soft Inside2018
71%
A Different Kind Of HumanAnimal2019
71%
SingleA Potion For Love2022
71%
A Different Kind Of HumanApple Tree2019
71%
The Gods We Can TouchA Temporary High2022
71%
SingleAwakening2014
71%
All My Demons Greeting Me As A FriendBlack Water Lilies2016
71%
The Gods We Can TouchBlood in the Wine2022
71%
Featuring (ft. San Holo)Bring Back The Color2023
71%
Featuring (ft. Tom Odell)Butterflies2023
71%
Infections Of A Different KindChurchyard2018
71%
All My Demons Greeting Me As A FriendConqueror2016
71%
Sky: Concert in the LightConstellation2022
71%
Single (acoustic)Cure For Me (acoustic)2021
71%
A Different Kind Of HumanDance on the Moon2019
71%
A Different Kind Of HumanDaydreamer2019
71%
Featuring (ft. Pomme) | The Gods We Can TouchEverything Matters2022
71%
The Gods We Can TouchExhale Inhale2022
71%
Infections Of A Different KindForgotten Love2018
71%
Infections Of A Different KindGentle Earthquake2018
71%
The Gods We Can TouchGiving In To The Love2021
71%
Cover (Oasis)Half The World Away2015
71%
All My Demons Greeting Me As A FriendHalf the World away2015
71%
The Gods We Can TouchHeathens2021
71%
All My Demons Greeting Me As A FriendHome2016
71%
A Different Kind Of HumanHunger2019
71%
Single (jeux)Hunting Shadows2022
71%
A Different Kind Of HumanIn Bottles2019
71%
Running With The WolvesIn Boxes2015
71%
Infections Of A Different KindInfections of a Different Kind2018
71%
Infections Of A Different KindIt Happened Quiet2018
71%
All My Demons Greeting Me As A FriendI Went Too Far2016
71%
All My Demons Greeting Me As A FriendLucky2016
71%
Single (chanson de série)Midas Touch2021
71%
A Different Kind Of HumanMothership2019
71%
All My Demons Greeting Me As A Friend | Cover (Bob Dylan)Mr. Tambourine Man2016
71%
Featuring (ft. Sub Urban)Paramour2021
71%
Single (piano version)Runaway (piano version)2021
71%
Featuring (ft. Askjell)Sofia2021
71%
Infections Of A Different KindSoft Universe2018
71%
A Different Kind Of HumanSoulless Creatures2019
71%
Featuring (ft. Wu Tsing-Fong)Storm2022
71%
Cover (Alanis Morissette)Thank U2020
71%
The Gods We Can TouchThe Forbidden Fruits of Eden2022
71%
The Gods We Can TouchThe Innocent2022
71%
Sky: Concert in the LightThe Light Beyond2022
71%
A Different Kind Of HumanThe River2019
71%
SingleThe Secret Garden2020
71%
A Different Kind Of HumanThe Seed2019
71%
The Gods We Can TouchThis Could Be A Dream2022
71%
All My Demons Greeting Me As A FriendThrough The Eyes Of A Child2016
71%
Featuring (ft. Askjell)To Be Loved2019
71%
SingleUnder Stars2014
71%
All My Demons Greeting Me As A FriendUnder The Water2016
71%
Cover (Howard Blake)Walking In The Air2019
71%
All My Demons Greeting Me As A FriendWinter Bird2016
71%
All My Demons Greeting Me As A FriendWisdom Cries2016
71%
The Gods We Can TouchYou Keep Me Crawling2022
71%
SingleYour Blood2023
71%
Featuring (ft. Sondre Lerche)Alone In The Night2022
57%
Featuring (ft. Benjamin Mork; acoustic)Exist For Love (acoustic)2020
57%
Running With The WolvesLittle Boy In The Grass2015
57%
All My Demons Greeting Me As A FriendMurder song (5, 4, 3, 2, 1) - Acoustic2016
57%
Single (B.O de série)My Sails Are Set2023
57%
Cover (Nick Drake)Pink Moon2023
57%
Single (harp version)Queendom (harp version)2018
57%
Single (guitar version)Runaway (guitar version)2021
57%
Single (Wolfwalkers Edition)Running With The Wolves (Wolfwalkers Edition)2020
57%
Featuring(ft. Wu Tsing-Fong ; english version)Storm (English Version)2022
57%
Cover (Massive Attack)Teardrop2017
57%
SingleThe Devil Is Human2022
57%
Chanteuse du morceau d'un autre groupe (The Chemicals Brothers)The Eve of Destruction2019
57%
The Gods We Can TouchThe Woman I Am2022
57%
Single (acoustic)A Temporary High (acoustic)2022
43%
Cover (Imagine Dragons)Beliver2017
43%
Featuring (ft. Begüm Günceler)Mechule Dogru2020
43%
Cover (Boney M)Rasputin2020
43%
SingleRunaway (Lvl.2)2021
43%
SingleStjernestov2020
43%
Featuring (ft. Sia Koskina)Sto agnosto na 'rtho2020
43%
Single (acoustic)The Woman I Am (acoustic)2022
43%
Cover (Miley Cirus)Wrecking Ball2014
43%
Cover (The Beatles)Across the Universe2019
29%
Cover (Dumbo)Baby Mine2017
29%
Featuring (ft. Gundelach)Cynical Mind2020
29%
Cover (Leonard Cohen)Famous Blue Raincoat2017
29%
Cover (Ariana Grande)God Is a Woman2018
29%
Cover (Harry Styles)Golden2022
29%
Cover (The Weeknd)In The Night2015
29%
Cover (Edle Stray-Pedersen)Jon Blund2018
29%
Cover (Naughty Boy ft. Sam Smith)La La La2015
29%
Cover (David Bowie)Life on Mars2016
29%
Cover (Bob Dylan)Make You Feel My Love2020
29%
Cover (Johnny Mercer)Moon River2022
29%
Cover (Bronski Beat)Smalltown Boy2022
29%
Cover (July Garland)Somewhere Over the Rainbow2022
29%
Cover (Hans Zimmer & Camila Cabello)Take Me Back Home2022
29%
Cover (Anna Marly and Emmanuel d'Astier de la Vigerie)The Partisan2018
29%
Cover (John Farnham)You're the Voice2016
29%
Cover (traditional song)Scarborough Fair2018
14%
Cover (Leonard Cohen)So Long, Marianne2016
14%
Cover (traditional hymn)Det Hev Ei Rose Sprunge2020
0%

Distribution des résultats

Percentile par nombre de réponses

% des personnes avec chaque résultat

Votre développement - résultats

Vous n’avez pas pris ce quiz